[Event "Titled Tuesday 2022.06.14 Early"]
[Site "chess.com INT"]
[Date "2022.06.14"]
[Round "10"]
[White "Rodchenkov, S."]
[Black "Yang, Kaiqi"]
[Result "1-0"]
[WhiteElo "2346"]
[BlackElo "2481"]
[PlyCount "97"]
[EventDate "2022.06.14"]
[EventType "swiss (blitz)"]
[EventRounds "11"]
[EventCountry "NET"]
[Source "Mark Crowther"]
[SourceDate "2022.06.20"]

1. e4 c5 2. Nf3 e6 3. d4 cxd4 4. Nxd4 a6 5. Nc3 b5 6. a4 b4 7. Na2 Bb7 8. Bd3
Nc6 9. Nxc6 Bxc6 10. O-O Nf6 11. Qe2 Qc7 12. c3 Bd6 13. Nxb4 Bxh2+ 14. Kh1 Bf4
15. Nxa6 Qe5 16. Bxf4 Qxf4 17. g3 Qh6+ 18. Kg2 O-O 19. Nb4 Bxa4 20. e5 Nh5 21.
Rh1 g6 22. Be4 Qg5 23. Qf3 Bc6 24. Bxc6 dxc6 25. Nxc6 Rxa1 26. Rxa1 Ng7 27. b4
Nf5 28. Qf4 Qh5 29. g4 Nh4+ 30. Kg3 Nf5+ 31. gxf5 gxf5 32. f3 Kh8 33. Kf2 Rg8
34. Rg1 Rxg1 35. Kxg1 Qg6+ 36. Kf2 Qh5 37. b5 Qh1 38. b6 Qb1 39. Qb4 Qc2+ 40.
Ke3 Qc1+ 41. Kd4 Qd2+ 42. Kc5 Qe3+ 43. Kd6 Qd3+ 44. Kc7 Qxf3 45. b7 Kg7 46.
b8=Q h5 47. Q8f8+ Kg6 48. Qg8+ Kh6 49. Qbf8# 1-0

[Event "Titled Tuesday 2022.06.14 Early"]
[Site "chess.com INT"]
[Date "2022.06.14"]
[Round "11"]
[White "Yang, Kaiqi"]
[Black "Keller, Pe GER"]
[Result "1-0"]
[WhiteElo "2481"]
[BlackElo "2377"]
[PlyCount "57"]
[EventDate "2022.06.14"]
[EventType "swiss (blitz)"]
[EventRounds "11"]
[EventCountry "NET"]
[Source "Mark Crowther"]
[SourceDate "2022.06.20"]

1. d4 Nf6 2. c4 e6 3. Nc3 Bb4 4. e3 O-O 5. Nf3 c5 6. a3 Bxc3+ 7. bxc3 d5 8.
cxd5 exd5 9. Bd3 b6 10. O-O Ba6 11. Bxa6 Nxa6 12. a4 Ne4 13. Qd3 c4 14. Qc2 Nb8
15. Ne1 f5 16. f3 Nf6 17. Ba3 Re8 18. Qxf5 Rxe3 19. Nc2 Re8 20. Rae1 Nc6 21.
Rxe8+ Qxe8 22. Re1 Qf7 23. Re6 Qc7 24. Bd6 Qc8 25. Ne3 Nd8 26. Rxf6 gxf6 27.
Qxf6 Nf7 28. Nf5 Qxf5 29. Qxf5 1-0

[Event "Titled Tuesday 2022.06.21 Early"]
[Site "chess.com INT"]
[Date "2022.06.21"]
[Round "5"]
[White "Yang, Kaiqi"]
[Black "Borgaonkar, Akshay"]
[Result "1-0"]
[WhiteElo "2481"]
[BlackElo "2026"]
[PlyCount "75"]
[EventDate "2022.06.21"]
[EventType "swiss (blitz)"]
[EventRounds "11"]
[EventCountry "NET"]
[Source "Mark Crowther"]
[SourceDate "2022.06.27"]

1. d4 Nf6 2. c4 g6 3. h4 Bg7 4. Nc3 O-O 5. h5 d6 6. hxg6 fxg6 7. Nf3 Bg4 8. Bh6
Nbd7 9. Qd2 Bxf3 10. gxf3 e5 11. Bh3 exd4 12. Be6+ Kh8 13. Qxd4 Nc5 14. Bxg7+
Kxg7 15. Bd5 c6 16. Be4 Ncxe4 17. fxe4 Qe7 18. O-O-O Rad8 19. f3 Qe5 20. Qxa7
Rf7 21. Qe3 b5 22. cxb5 cxb5 23. Kb1 b4 24. Nd5 Ra8 25. Qb3 Rfa7 26. Nxb4 Rb7
27. a3 Rab8 28. Qd3 Rb6 29. Rc1 R8b7 30. Rc3 h5 31. Rhc1 h4 32. Rc7+ Rxc7 33.
Rxc7+ Kh6 34. Qe3+ g5 35. Qxb6 h3 36. Rc1 h2 37. Qf2 Qd5 38. exd5 1-0